00345nam a2200097Ia 4500008004100000100002600041245006500067260003900132650001500171856006100186160909s9999 xx 000 0 und d aPeters, Sarah Coleman aMasks of Strange Gods: An Aesthetic Relationship With Psyche bPacifica Graduate Institute.c2016 aPSYCHOLOGY uhttp://pqdtopen.proquest.com/doc/1789891630.html?FMT=ABS